000 00484cam a2200169 a 4500
020 _a9712201007
040 _cDJB
082 _a633 INT 1997 A41 Or.
245 0 0 _aRice production in Cambodia /
260 _aManila :
_bInternational Rice Research Institute,
_c1997.
300 _aiii, 112 p. :
_bcol. ill, maps ;
_c26 cm.
500 _a"Cambodia-IRRI-Australia Project."
650 0 _aRice
700 1 _aNesbitt, H. J.
710 2 _aCambodia-IRRI-Australia Project.
942 _cEK
999 _c12089
_d12089